朝鲜民主主义人民共和国所有首都城市 Capital Cites of DPR Korea Since 1948 - Statistics

General Stats
  • This quiz has been taken 13 times
  • The average score is 3 of 7
Answer Stats
开始时间 结束时间 首都 % Correct
1948.9 1950.10 平壤
100%
1953.8 至今 平壤
100%
1950.12 1951.1 新义州
67%
1950.10 1950.12 江界
25%
1951.1 1953.8 江界
25%
1950.12 1950.12 熙川
8%
1950.12 1950.12 价川
8%
No matching quizzes found
Score Distribution
Percent of People with Each Score
Percentile by Number Answered
Your Score History
You have not taken this quiz